000 01092nam a2200229Ia 4500
001 17615
005 20260417172250.0
008 260306s9999||||xx |||||||||||||| ||und||
041 _aESP
082 _a658.1
_bG43 2009
100 _aGibson, James L.
_eAUT
245 0 _aOrganizaciones:
_bcomportamiento, estructura y procesos
260 _c2011
300 _axix, 569 páginas :
_c27 cm.
650 _aGEN
654 _aCAN
856 _uhttps://itmsp.museknowledge.com/UCSP?url=https://www.ebooks7-24.com:443/?il=3538&pg=1
_zVéase además: Introducción al comportamiento organizativo. Versión digital
856 _uhttps://0u213wx3x-y-https-ebooks7--24-com.itmsp.museknowledge.com/biblioteca.aspx
_zVéase además: Base de datos Ebook7-24
856 _uhttps://0u20fwx3z-y-https-research-ebsco-com.itmsp.museknowledge.com/c/qxo6us/search
_zVéase además: Base de datos EBSCOhost
856 _uhttps://0u20vwwy8-y-https-ebookcentral-proquest-com.itmsp.museknowledge.com/lib/catolicasp/home.action
_zVéase además: Base de datos ProQuest Ebook Central
942 _cLIB
_dJUS
_fJUS
_2ddc
999 _c17615
_d17615